Statistiques concernant Mathématiques par lettre - E

Cliquez ici pour prendre le quiz!

Statistiques générales

  • Ce quiz a été pris 312 fois
  • Le résultat moyen est 11 sur 16

Statistiques - réponses

HintRéponse% Correct
Instrument servant à tracer des angles droitsÉquerre
97%
Triangle dont les longueurs des trois côtés sont égalesÉquilatéral
94%
Égalité algébrique de laquelle on cherche à calculer la valeur des inconnuesÉquation
92%
Cinquième lettre de l'alphabet grecEpsilon
91%
Division classique avec dividende, diviseur, quotient et resteEuclidienne
81%
Nombre appartenant à l'ensemble noté ZEntier
77%
Valeur identique en quantitéÉgale
72%
Qui se trouvent à la même distanceÉquidistants
71%
Courbe en forme d'ovaleEllipse
70%
Fonction égale à sa dérivéeExponentielle
68%
Minimum ou maximumExtremum
68%
Évènements qui ont la même probabilitéÉquiprobables
57%
Relation réflexive, transitive et symétriqueÉquivalence
45%
Crible visant à trouver tous les nombres premiers inférieurs à un certain entierÉratosthène
42%
Ensemble d'objets que l'on peut additionner entre eux et qu'on peut multiplier par un scalaireEspace Vectoriel
30%
Deux ensembles en bijectionÉquipotents
9%

Distribution des résultats

Percentile par nombre de réponses

% des personnes avec chaque résultat

Votre développement - résultats

Vous n’avez pas pris ce quiz